| 000 | 01010nam a2200205 a 4500 | ||
|---|---|---|---|
| 008 | 120416s1970 ||||||||||||||||| || u | ||
| 050 | _aHD 82 Sol | ||
| 100 | _aSolow, Robert M | ||
| 245 | 1 | 0 | _aGrowth theory |
| 246 | _aan exposition | ||
| 260 |
_aOxford _bClarendon _c[1970] |
||
| 300 | _avi, 109p. | ||
| 350 | _a0.00 | ||
| 650 | 0 | _aECONOMICS | |
| 650 | _aECONOMIC GROWTH | ||
| 995 |
_aANNEX COLLECTION (Main Library) _D0.00 _e703237 _FCBU-MAIN LIBRARY (Kitwe) _H1 _I0.00 _jHD 82 Sol _M2 _UAVAILABLE _y004678 _ZAnnex Low-Usage Collection |
||
| 995 |
_aANNEX COLLECTION (Main Library) _D0.00 _e702626 _FCBU-MAIN LIBRARY (Kitwe) _H2 _I0.00 _jHD 82 Sol _M1 _UAVAILABLE _y004677 _ZAnnex Low-Usage Collection |
||
| 995 |
_aMAIN LIBRARY OPEN ACCESS _D0.00 _e703138 _FCBU-MAIN LIBRARY (Kitwe) _H3 _I0.00 _jHD 82 Sol _M4 _UAVAILABLE _y004680 _ZMain Library Open Access Collection |
||
| 995 |
_aANNEX COLLECTION (Main Library) _D0.00 _e703464 _FCBU-MAIN LIBRARY (Kitwe) _H4 _I0.00 _jHD 82 Sol _M3 _UAVAILABLE _y004679 _ZAnnex Low-Usage Collection |
||
| 999 |
_c76036 _d76036 |
||